Competitive gap crushes concrete (Record no. 78199)

MARC details
000 -LEADER
fixed length control field 00931cab a2200205 4500
001 - CONTROL NUMBER
control field ##L136212
008 - FIXED-LENGTH DATA ELEMENTS--GENERAL INFORMATION
fixed length control field 070117n2007 000 0 eng u
035 ## - SYSTEM CONTROL NUMBER
System control number (Sirsi) u136212
041 0# - LANGUAGE CODE
Language code of text/sound track or separate title eng
100 1# - MAIN ENTRY--PERSONAL NAME
Personal name Barrett, Nick
245 00 - TITLE STATEMENT
Title Competitive gap crushes concrete
260 ## - PUBLICATION, DISTRIBUTION, ETC.
Date of publication, distribution, etc. 2007
490 #0 - SERIES STATEMENT
Series statement New Steel Construction
Volume/sequential designation 15(1) January 2007, 17(1)
520 ## - SUMMARY, ETC.
Summary, etc. The latest "Cost comparison survey" by Corus confirms steel as the preferred option for framing, in terms of cost and speed of construction. For office buildings, steel is on average £33 per sq m cheaper for frames and floors than concrete and for the whole building steel is £55 per sq m cheaper. For residential buildings, the whole building is 3% cheaper in steel than in concrete.
590 ## - LOCAL NOTE (RLIN)
Local note KA
650 24 - SUBJECT ADDED ENTRY--TOPICAL TERM
Topical term or geographic name entry element CORUS COST COMPARISON SURVEY
651 #4 - SUBJECT ADDED ENTRY--GEOGRAPHIC NAME
Geographic name United Kingdom
Chronological subdivision
690 ## - LOCAL SUBJECT ADDED ENTRY--TOPICAL TERM (OCLC, RLIN)
Topical term or geographic name as entry element BUILT ENVIRONMENT-BUILDING MATERIALS-METAL-STEEL
942 ## - ADDED ENTRY ELEMENTS (KOHA)
Suppress in OPAC 0
Holdings
Withdrawn status Lost status Source of classification or shelving scheme Damaged status Not for loan Home library Current library Shelving location Date acquired Total Checkouts Full call number Barcode Date last seen Copy number Price effective from Koha item type
    Dewey Decimal Classification     London London Journal article 17/01/2007   L136212 136212-1001 06/08/2019 1 06/08/2019 Journal article